| 000 | 00621cam a22002294a 4500 | ||
|---|---|---|---|
| 003 | UPN | ||
| 005 | 20240925064101.0 | ||
| 008 | 991125s1981 es a 000 0 spa d | ||
| 020 | _a8475091334 | ||
| 035 | _aUPN01000003013 | ||
| 040 |
_aUPN _bspa _cUPN |
||
| 049 | _aCG | ||
| 050 | 4 |
_aLB1117 _bP5.3 |
|
| 100 | 1 |
_aPiaget, Jean, _d1896-1980 _928363 |
|
| 245 | 1 | 4 |
_aLos años postergados : _bla primera infancia / _cJean Piaget. |
| 260 |
_aBarcelona, Esp. : _bPaidós, _c1981. |
||
| 300 |
_a191 p. : _bil. |
||
| 490 |
_aPaidós educador ; _v16 |
||
| 650 | 4 |
_aNiño, Estudio del _9221 |
|
| 905 | _aLibro | ||
| 942 |
_2lcc _cLIBRO |
||
| 999 |
_c3013 _d3013 |
||